| 000 | 01374nam a2200301 4500 | ||
|---|---|---|---|
| 003 | BOFEUTO | ||
| 005 | 20260512112914.0 | ||
| 008 | 260504t2025 bo a gr 001 | spa d | ||
| 040 |
_6BOFEUTO _aBOFEUTO _cBOFEUTO |
||
| 041 | _aspa | ||
| 044 | _abo | ||
| 082 |
_aTE6283 _bC559p |
||
| 100 |
_aChura Ayala, Rolando Victor _eautor |
||
| 245 |
_aPlan estratégico de marketing para la empresa NUR S.R.L. / _cRolando Victor Chura Ayala, Verónica Sandy Tapia |
||
| 260 |
_aOruro : _bs/n, _c2025. |
||
| 300 |
_a129 hojas : _btabl., fig. ; _c28.5 cm. |
||
| 500 | _aIncluye bibliografía, anexos. | ||
| 502 | _aTesis Dirigida, (Licenciatura) -- Universidad Técnica de Oruro, Facultad de Ciencias Económicas, Financieras y Administrativas, Carrera Administración de Empresas, 2025. | ||
| 520 | _aEl presente estudio busca no solo aportar soluciones prácticas a la gestión comercial de NUR S.R.L., sino también convertirse en un referente metodológico para otras empresas del rubro interesadas en profesionalizar su enfoque estratégico, elevar su competitividad y responder eficazmente a las exigencias del mercado contemporáneo. | ||
| 650 | _aAdministración | ||
| 653 | _aProceso administrativo | ||
| 653 | _aMarketing | ||
| 653 | _aProducción | ||
| 653 | _aFinanzas | ||
| 700 |
_aSandy Tapia, Verónica _etutor |
||
| 942 |
_2ddc _cTE _n0 |
||
| 942 |
_n0 _2ddc |
||
| 999 |
_c16138 _d16138 |
||